Bhasha Pradeepam (Record no. 59120)

MARC details
000 -LEADER
fixed length control field 00433nam a2200145Ia 4500
008 - FIXED-LENGTH DATA ELEMENTS--GENERAL INFORMATION
fixed length control field 211109s9999||||xx |||||||||||||| ||und||
082 ## - DEWEY DECIMAL CLASSIFICATION NUMBER
Classification number 494.81205
Item number BAL-B
100 ## - MAIN ENTRY--PERSONAL NAME
Personal name Balakrishnan Nair, T P
245 #0 - TITLE STATEMENT
Title Bhasha Pradeepam
260 ## - PUBLICATION, DISTRIBUTION, ETC.
Name of publisher, distributor, etc. SAHITHYA PRVARTHAKA SANGHAM
Place of publication, distribution, etc. Kottayam
Date of publication, distribution, etc. 1972
300 ## - PHYSICAL DESCRIPTION
Extent 311p
630 ## - SUBJECT ADDED ENTRY--UNIFORM TITLE
General subdivision GENERAL STACK
650 ## - SUBJECT ADDED ENTRY--TOPICAL TERM
Topical term or geographic name entry element Language
942 ## - ADDED ENTRY ELEMENTS (KOHA)
Koha item type BOOK
650 ## - SUBJECT ADDED ENTRY--TOPICAL TERM
Form subdivision Other languages
General subdivision Altaic,uralic,hyperborean&dravidianGeneralia
Holdings
Withdrawn status Lost status Damaged status Not for loan Home library Current library Date acquired Cost, normal purchase price Total Checkouts Full call number Barcode Shelving location Date last seen Price effective from Koha item type
        SB LIBRARY SB LIBRARY 09/11/2021 7.00   494.81205 BAL-B 00042437 GENERAL STACK 09/11/2021 09/11/2021 BOOK

Powered by Koha